| 000 | 02425cam a22003734a 4500 | ||
|---|---|---|---|
| 001 | 6367 | ||
| 003 | BD-DhEWU | ||
| 005 | 20181120155543.0 | ||
| 008 | 030602s20072004ii a g b 001 0 eng d | ||
| 010 | _a 2003054845 | ||
| 020 | _a817758071X | ||
| 020 | _a9788177580716 | ||
| 020 | _a0130661848 (case) | ||
| 035 | _a(OCoLC)271316661 | ||
| 040 |
_aDLC _cDLC _dDLC _dBD-DhEWU _beng |
||
| 041 | _aeng | ||
| 050 | 0 | 0 |
_aHD38.5 _b.B35 2004 |
| 082 | 0 | 4 |
_a658.7 _bBAB 2004 |
| 100 | 1 |
_aBallou, Ronald H., _d1937- _911528 |
|
| 245 | 1 | 0 |
_aBusiness logistics/supply chain management : _bplanning, organizing, and controlling the supply chain / _cRonald H. Ballou. |
| 250 | _a5th ed. | ||
| 260 |
_aUpper Saddle River, N.J. : _bPearson/Prentice Hall, _cc2004. |
||
| 300 |
_axxii, 789 p. : _bill. ; _c25 cm. + |
||
| 500 | _aRev. ed. of: Business logistics management. 4th ed. c1999. | ||
| 504 | _aIncludes bibliographical references (p. 766-770) and indexes. | ||
| 505 |
_tTOC _a Pt. I. Introduction and Planning -- Ch. 1. Business Logistics/Supply Chain - A Vital Subject -- Ch. 2. Logistics/Supply Chain Strategy and Planning -- Pt. II. Customer Service Goals -- Ch. 3. The Logistics/Supply Chain Product -- Ch. 4. Logistics/Supply Chain Customer Service -- Ch. 5. Order Processing and Information Systems -- Pt. III. Transport Strategy -- Ch. 6. Transport Fundamentals -- Ch. 7. Transport Decisions -- Pt. IV. Inventory Strategy -- Ch. 8. Forecasting Supply Chain Requirements Ch. 9. Inventory Policy Decisions -- Ch. 10. Purchasing and Supply Scheduling Decisions -- Ch. 11. The Storage and Handling System -- Ch. 12. Storage and Handling Decisions -- Pt. V. Location Strategy -- Ch. 13. Facility Location Decisions -- Ch. 14. The Network Planning Process -- Pt. VI. Organization and Control -- Ch. 15. Logistics/Supply Chain Organization -- Ch. 16. Logistics/Supply Chain Control -- App. A. Areas Under the Standardized Normal Distribution -- App. B. Unit Normal Loss Integrals. |
||
| 526 | _aBA | ||
| 590 | _aSagar Shahanawaz | ||
| 650 | 0 |
_aBusiness logistics. _911529 |
|
| 700 | 1 |
_aBallou, Ronald H., _d1937- _tBusiness logistics management. _911530 |
|
| 856 | 4 | 2 |
_3WorldCat details _uhttp://www.worldcat.org/title/business-logisticssupply-chain-management-planning-organizing-and-controlling-the-supply-chain/oclc/271316661&referer=brief_results |
| 942 |
_2ddc _cTEXT _08 |
||
| 999 |
_c6367 _d6367 |
||
| 999 |
_c6367 _d6367 |
||